Les chats dans disney - Statistiques

Statistiques générales
  • Ce quiz a été pris 139 fois
  • Le résultat moyen est 9 sur 20
Statistiques - réponses
Dessin animé Nom % Correct
Les aristochats Berlioz
92%
Les aristochats Marie
90%
Les aristochats Duchesse
88%
Les aristochats Toulouse
87%
Cendrillon Lucifer
82%
Les aristochats Thomas O'malley
79%
Pinnochio Figaro
73%
La belle et le clochard (jumeaux) Si et Am
64%
Oliver et compagnie Oliver
57%
Alice au pays des merveilles Le Chat du Cheshire
40%
Volt Mitaine
37%
Les aristochats (musicien) Scat Cat
30%
Pinnochio Gedeon
25%
Bernard et Bianca Rufus
14%
Basil détective privé Felicia
12%
Les 101 dalmatiens Sergent Tibs
11%
Les aristochats (musicien) Hit Cat
6%
Les aristochats (musicien) Billy Boss
4%
Les aristochats (musicien) Peppo
4%
Les aristochats (musicien) Shun Gon
4%
Aucun quiz correspondant
Distribution des résultats
% des personnes avec chaque résultat
Percentile par nombre de réponses
Votre historique - résultats
Vous n’avez pas pris ce quiz